| 000 | 00454nam a2200157Ia 4500 | ||
|---|---|---|---|
| 005 | 20250508160032.0 | ||
| 008 | 008 250505s9999 xx 000 0 eng d | ||
| 037 | _aBooks to be hide in OPAC | ||
| 040 |
_aFEDL _beng _cFEDL |
||
| 041 |
_aeng _2eng |
||
| 084 |
_a378.5443, AJM/O _qFEDL |
||
| 245 | 0 | _aReport on the mayo college Ajmer Rajputana for 1911-12 | |
| 300 | _a72p. | ||
| 942 |
_cHB _h378.5443, AJM/O |
||
| 999 |
_c1361276 _d1361276 |
||